000 00785nas a2200241 4500
001 BR9904415
003 BR-BrBNA
005 20231205101541.0
007 ta
008 230509b bl.|||p| |||| 00| 00por d
040 _aBR-BrBNA
_bpor
_cBiblioteca Nacional de Agricultura
041 _a(Pt)
072 _aF01
100 1 _aSilveira, R.B. de A.
100 1 _aMinami, K.
245 1 _aQualidade de crisantemos (Dendranthema grandiflora Tzvelev)produzidos em diferentes regioes do Estado de Sao Paulo: grupo polaris
650 _aCrisantemo
650 _aControle de Qualidade
650 _aSao Paulo
773 0 _tScientia Agricola (Brazil)
_xISSN 0103-9016
_g(Apr-Jun 1999), v. 56(2) p. 337-348
_wBR9904415
909 _a202311
_bLúcia
_c55
_dLúcia Elande
942 _2AGRIS
_n0
_cANA
999 _c162473
_d162473